LDR 00725naa#a2200169#i#450# 001 EN\\bibl\126787 005 20260701231858.3 011 ## _a1815-588X 100 ## _a20260630b2026####ek#y0engy0150####ca 102 ## _aRU 200 1# _aComparative Analysis of Aerial, Mobile and Terrestrial Laser Scanning Technologies for Railway Track Diagnostics: Selection Criteria Based on Accuracy, Productivity and Operational Constraints _eJournal article 210 1# _aSaint-Petersburg _cFSBEI HE "Emperor Alexander I St. Petersburg State Transport University" _d2026 215 ## _a9 с. 608 ## _aJournal article _2local 675 ## _aОсмотр и контроль пути. 625.171 _z 700 #1 _aChesnovich _gFedor Vladimirovich 856 4# _aatjournal.ru _u